| 000 | 01588cam a2200457 a 4500 | ||
|---|---|---|---|
| 001 | 9006166 | ||
| 003 | USPCAS-E | ||
| 005 | 20180118181421.0 | ||
| 006 | m o d | ||
| 007 | cr zn| | ||
| 008 | 110606s2010 enka sb 001 0 eng d | ||
| 020 | _z9780470749869 | ||
| 035 | _a(CtWfDGI)bke00040925 | ||
| 035 | _a(NNC)9006166 | ||
| 040 |
_aCtWfDGI _beng _cCtWfDGI |
||
| 050 | 1 | 4 |
_aTP359.H8 _bE54 2010eb |
| 082 | 0 | 4 |
_a621.042 _222 _bENE 2010 |
| 245 | 0 | 0 |
_aEnergy production and storage _binorganic chemical strategies for a warming world / _c[edited by] Robert H. Crabtree. |
| 256 | _aComputer document. | ||
| 260 |
_aChichester, U.K. : _bJohn Wiley & Sons Ltd, _c2010 _e(Norwood, Mass. : _fBooks24x7.com [generator]) |
||
| 490 | 1 | _aEncyclopedia of inorganic chemistry | |
| 500 | _aTitle from title screen. | ||
| 502 | _a. | ||
| 504 | _aIncludes bibliographical references and index. | ||
| 516 | _aText. | ||
| 530 | _aAvailable also in a print ed. | ||
| 538 | _aMode of access: Internet via World Wide Web. | ||
| 550 | _aDigitized and made available by: Books24x7.com. | ||
| 650 | 0 |
_aHydrogen as fuel _xResearch. |
|
| 650 | 0 | _aWater resources development. | |
| 650 | 0 | _aRenewable energy sources. | |
| 650 | 0 | _aEnvironmental chemistry. | |
| 650 | 0 | _aCarbon sequestration. | |
| 655 | 7 |
_aElectronic books. _2lcsh |
|
| 700 | 1 |
_aCrabtree, Robert H., _d1948- _4edt |
|
| 710 | 2 | _aBooks24x7, Inc. | |
| 830 | 0 | _aEIC books. | |
| 856 | 4 | 0 |
_uhttp://www.columbia.edu/cgi-bin/cul/resolve?clio9006166 _zClick here for full text. |
| 942 |
_2ddc _cBK |
||
| 999 |
_c356022 _d356022 |
||